| 000 | 00520nam a2200181 i 4500 | ||
|---|---|---|---|
| 001 | 90986 | ||
| 003 | ES-MaACL | ||
| 005 | 20250626063146.0 | ||
| 007 | t| | ||
| 008 | 050126s1932 sp ||||1| spa d | ||
| 100 | 1 |
_aLeón, Ricardo, _d1877-1943 _971597 |
|
| 245 | 1 | 0 |
_aBajo el yugo de los bárbaros _b: novela / _cRicardo León. |
| 250 | _a1ª ed. | ||
| 260 |
_aMadrid : _bHernando, _c1932 ( _fSucesores de Rivadeneyra) |
||
| 300 |
_a291 p. ; _c19 cm. |
||
| 852 |
_aES-MaACL _jA-955 |
||
| 999 |
_c90986 _d90986 |
||